<?xml version="1.0" encoding="UTF-8"?><?xml-stylesheet type="text/xsl" href="static/style.xsl"?><OAI-PMH xmlns="http://www.openarchives.org/OAI/2.0/" xmlns:xsi="http://www.w3.org/2001/XMLSchema-instance" xsi:schemaLocation="http://www.openarchives.org/OAI/2.0/ http://www.openarchives.org/OAI/2.0/OAI-PMH.xsd"><responseDate>2026-04-28T21:56:48Z</responseDate><request verb="GetRecord" identifier="oai:riubu.ubu.es:10259/4819" metadataPrefix="marc">https://riubu.ubu.es/oai/request</request><GetRecord><record><header><identifier>oai:riubu.ubu.es:10259/4819</identifier><datestamp>2024-05-13T10:14:13Z</datestamp><setSpec>com_10259_3830</setSpec><setSpec>com_10259_5086</setSpec><setSpec>com_10259_2604</setSpec><setSpec>col_10259_3832</setSpec></header><metadata><record xmlns="http://www.loc.gov/MARC21/slim" xmlns:doc="http://www.lyncode.com/xoai" xmlns:xsi="http://www.w3.org/2001/XMLSchema-instance" xmlns:dcterms="http://purl.org/dc/terms/" xsi:schemaLocation="http://www.loc.gov/MARC21/slim http://www.loc.gov/standards/marcxml/schema/MARC21slim.xsd">
<leader>00925njm 22002777a 4500</leader>
<datafield tag="042" ind1=" " ind2=" ">
<subfield code="a">dc</subfield>
</datafield>
<datafield tag="720" ind1=" " ind2=" ">
<subfield code="a">Izquierdo, Segismundo S.</subfield>
<subfield code="e">author</subfield>
</datafield>
<datafield tag="720" ind1=" " ind2=" ">
<subfield code="a">Izquierdo Millán, Luis Rodrigo</subfield>
<subfield code="e">author</subfield>
</datafield>
<datafield tag="720" ind1=" " ind2=" ">
<subfield code="a">López Pintado, Dunia .</subfield>
<subfield code="e">author</subfield>
</datafield>
<datafield tag="260" ind1=" " ind2=" ">
<subfield code="c">2018-02</subfield>
</datafield>
<datafield tag="520" ind1=" " ind2=" ">
<subfield code="a">The outbreak of epidemics, the rise of religious radicalization&#xd;
or the motivational influence of fellow students in classrooms&#xd;
are some of the issues that can be described as diffusion&#xd;
processes in heterogeneous groups. Understanding the role&#xd;
that interaction patterns between groups (e.g. homophily or&#xd;
segregation) play in the diffusion of certain traits or behaviours&#xd;
is a major challenge for contemporary societies. Here, we study&#xd;
the impact on diffusion processes of mixing (or, alternatively,&#xd;
segregating) two groups that present different sensitivities or&#xd;
propensities to contagion. We find non-monotonic effects of&#xd;
mixing and inefficient segregation levels, i.e. situations where&#xd;
a change in the mixing level can benefit both groups, e.g.&#xd;
where an increase in the mixing level can reduce the expected&#xd;
contagion levels in both groups. These findings can have&#xd;
fundamental consequences for the design of inclusion policies.</subfield>
</datafield>
<datafield tag="024" ind2=" " ind1="8">
<subfield code="a">2054-5703</subfield>
</datafield>
<datafield tag="024" ind2=" " ind1="8">
<subfield code="a">http://hdl.handle.net/10259/4819</subfield>
</datafield>
<datafield tag="024" ind2=" " ind1="8">
<subfield code="a">10.1098/rsos.172102</subfield>
</datafield>
<datafield ind1=" " ind2=" " tag="653">
<subfield code="a">Diffusion</subfield>
</datafield>
<datafield ind1=" " ind2=" " tag="653">
<subfield code="a">Mixing</subfield>
</datafield>
<datafield ind1=" " ind2=" " tag="653">
<subfield code="a">Segregation</subfield>
</datafield>
<datafield ind1=" " ind2=" " tag="653">
<subfield code="a">Homophily</subfield>
</datafield>
<datafield ind1=" " ind2=" " tag="653">
<subfield code="a">SIS</subfield>
</datafield>
<datafield tag="245" ind1="0" ind2="0">
<subfield code="a">Mixing and diffusion in a two-type population</subfield>
</datafield>
</record></metadata></record></GetRecord></OAI-PMH>